000 00644nam a2200193Ia 4500
005 20250508164842.0
008 008 250505s9999 xx 000 0 hin d
037 _aDissertations
040 _aFEDL
_beng
_cFEDL
041 _ahin
_2eng
084 _a375.32, OMP/DI
_qFEDL
100 _aOm Prakash
245 0 _aNCF 2005 ke sandarbh me madhyamik ster per (Samajik vigyan ke antergat) 'nagrik sastra' upvishya ko 'rajneetisastra' me badalne ki sarthakta ka addhyan
260 _c2008
300 _a105p.
546 _aM. Ed. Dissertation (Delhi University)
942 _cDIS
_h375.32, OMP/DI
999 _c1391584
_d1391584